00361nam a2200145Ia 450000500170000000800410001702000150005808200130007310000220008624500270010825000090013526000480014430000130019265000100020520250411022829.0240331s9999 xx 000 0 und d a9559604007 bSINa891 aSinhaarachchi,C.L 0aAparajitha jeewithayak a2nd  aColombobDayawansa jayakody & Companyc1997 a270 p ., aNovel